Analýza trhu práce v Bansko-Bystrickom kraji

Trh práce súvisí so všetkými ekonomickými a sociálnymi procesmi, ktoré v danom období a mieste v ekonomike prebiehajú. Analýza vývoja trhu práce v Banskobystrickom kraji v čase pôsobenia hospodárskej krízy. Identifikácia problémov trhu práce a navrh riešenií na zlepšenie situácie v tejto oblasti.

Gespeichert in:
Bibliographische Detailangaben
1. Verfasser: Petrušová, Dagmar
Format: Buchkapitel
Sprache:Slowakisch
Schlagworte:
Tags: Tag hinzufügen
Keine Tags, Fügen Sie das erste Tag hinzu!

MARC

LEADER 00000naa a2200000 4500
001 0191547
005 20220718121348.8
041 0 |a slo 
044 |a SK 
245 1 0 |a Analýza trhu práce v Bansko-Bystrickom kraji  |c Dagmar Petrušová 
520 |a Trh práce súvisí so všetkými ekonomickými a sociálnymi procesmi, ktoré v danom období a mieste v ekonomike prebiehajú. Analýza vývoja trhu práce v Banskobystrickom kraji v čase pôsobenia hospodárskej krízy. Identifikácia problémov trhu práce a navrh riešenií na zlepšenie situácie v tejto oblasti. 
610 2 0 |a trh práce 
610 2 0 |a Slovensko 
610 2 0 |a miera nezamestnanosti 
610 2 0 |a analýza ekonomická 
100 1 |a Petrušová, Dagmar